Danganronpa 2 Goodbye Despair All Deaths - Statistics

General Stats
  • This quiz has been taken 777 times
  • The average score is 9 of 12
Answer Stats
Hint Answer % Correct
Stabbed by Soldiers Peko Pekoyama
94%
Strangled Ibuki Mioda
90%
Dropped in a Volcano Teruteru Hanamura
89%
Stabbed to Death Byakuya Togami
88%
Shot into Space Mikan Tsumiki
87%
Crushed by Tetris Chiaki Nanami
84%
Throat Slit Hiyoko Saionji
83%
Struck by a Metal Bat Mahiru Koizumi
83%
Trampled by Animals Gundham Tanaka
81%
Poisoned Nagito Komaeda
77%
Usami Rainbow Attack Alter Ego Junko
20%
Dropped on a Pillar Nekomaru Nidai/ Mechamaru
2%
No matching quizzes found
Score Distribution
Percent of People with Each Score
Percentile by Number Answered
Your Score History
You have not taken this quiz